ბათუმის შოთა რუსთაველის სახელმწიფო უნივერსიტეტის ბიბლიოთეკა

მექანიზმების თეორია (საკურსო დაპროექტება) : სახელმძღვ. / (ბიბ.ჩანაწერი № 37407)

000 -ლიდერი
ფიქსირებული სიგრძის საკონტროლო ველი 00974nam a2200217Ia 4500
001 - საკონტროლო ნომერი
საკონტროლო ველი 3366
003 - საკონტროლო ნომრის იდენტიფიკატორი
საკონტროლო ველი GE_BSU
005 - ბოლო ოპერაციის თარიღი და დრო
საკონტროლო ველი 20190606152733.0
008 - ფიქსირებული სიგრძის მონაცემთა ელემენტები - ზოგადი ინფორმაცია
ფიქსირებული სიგრძის საკონტროლო ველი 181216s1986|||| |||||||||||||| ||geo||
040 ## - კატალოგიზაციის წყარო
Transcribing agency GE_BSU
041 ## - ენის კოდი
Language code of text/sound track or separate title geo
080 ## - უნივერსალური ათობითი კლასიფიკაციის ინდექსი
Universal Decimal Classification number 621.01(075.8) ო–73
100 ## - მთავარი ჩანაწერი - პიროვნების სახელი
Personal name ოსიპოვა, ა.
9 (RLIN) 2223
245 ## - ცნობა სათაურის შესახებ
Title მექანიზმების თეორია (საკურსო დაპროექტება) : სახელმძღვ. /
Statement of responsibility, etc ა. ოსიპოვა ; ნ. დავითაშვილი ; რედ : დ .დავითური.
264 ## - წარმოების, გამოცემის, დისტრიბუციის და სხვა ცნობები
გამოცემის, წარმოების, დისტრიბუციის... ადგილი თბილისი :
გამოცემის, წარმოების, დისტრიბუციის... სახელწოდება განათლება,
გამოცემის, წარმოების, დისტრიბუციის... თარიღი 1986.
300 ## - ფიზიკური აღწერა
Extent 322 გვ .:
Other physical details ნახაზები;
Dimensions 27 სმ.
653 ## - INDEX TERM--UNCONTROLLED
Uncontrolled term მექანიზმების თეორია
700 ## - ADDED ENTRY--PERSONAL NAME
Personal name დავითაშვილი, ნ.
9 (RLIN) 2224
700 ## - ADDED ENTRY--PERSONAL NAME
Personal name დავითური, დ
Relator term რედაქტორი
9 (RLIN) 950
942 ## - ADDED ENTRY ELEMENTS (KOHA)
Koha item type წიგნი
Source of classification or shelving scheme
ეგზემპლარები
ჩამოწერის სტატუსი დაკარგული ეგზემპლარის სტატუსი კლასიფიკაციის წყარო ან თაროზე გაწყობის სქემა დაზიანების სტატუსი არ გაიცემა მუდმივი მდებარეობა (დაცვის ადგილი) ამჟამინდელი ადგილსამყოფელი თაროზე განთავსების ადგილი შეძენის თარიღი ღირებულება, შესყიდვის ნორმალური ფასი სრული შენახვის შიფრი შტრიხკოდი ბოლო ოპერაციის თარიღი ეგზემპლარის მიმდევრობითი ნომერი (კეტერი?) ფასის ძალაში შესვლის თარიღი ეგზემპლარის სახეობა საჯარო შენიშვნა
          ტექნოლოგიური ფაკულტეტის ბიბლიოთეკა ტექნოლოგიური ფაკულტეტის ბიბლიოთეკა წიგნსაცავი 2018-12-17 2.00 621.01(075.8) ო–73 10531 2018-12-17 10531 2018-12-17 წიგნი 2 ლ.
          ტექნოლოგიური ფაკულტეტის ბიბლიოთეკა ტექნოლოგიური ფაკულტეტის ბიბლიოთეკა წიგნსაცავი 2018-12-17 2.00 621.01(075.8) ო–73 10532 2018-12-17 10532 2018-12-17 წიგნი 2 ლ.
          ტექნოლოგიური ფაკულტეტის ბიბლიოთეკა ტექნოლოგიური ფაკულტეტის ბიბლიოთეკა წიგნსაცავი 2018-12-17 2.00 621.01(075.8) ო–73 10533 2018-12-17 10533 2018-12-17 წიგნი 2 ლ.
          ტექნოლოგიური ფაკულტეტის ბიბლიოთეკა ტექნოლოგიური ფაკულტეტის ბიბლიოთეკა წიგნსაცავი 2018-12-17 2.00 621.01(075.8) ო–73 10535 2018-12-17 10535 2018-12-17 წიგნი 2 ლ.